| 000 | 00833nam a2200277Ia 4500 | ||
|---|---|---|---|
| 003 | OSt | ||
| 005 | 20221007122332.0 | ||
| 006 | a|||||r|||| 00| 0 | ||
| 007 | ta | ||
| 008 | 221006b |||||||| |||| 00| 0 eng d | ||
| 020 | _a9780070667327 (pbk) | ||
| 024 | _a82260 | ||
| 037 |
_b6389, 06/10/2008, Sethi Book House _cTextbook |
||
| 040 |
_aPAPL _cPAPL _beng |
||
| 041 |
_2eng _aeng |
||
| 082 | _aC, K7.5 Carpa | ||
| 100 |
_aReif F _9474369 |
||
| 245 | 0 | _aStatistical physics | |
| 260 |
_aNew _bDelhi Tata McGraw Hill Company Limited _c1967 |
||
| 490 | _vV.5. | ||
| 500 | _aAppendix A.1-A.4, 349-362p.; Index 393-398p. | ||
| 650 |
_a Statistical physics _9713592 |
||
| 650 | _aPhysics | ||
| 942 |
_hC, K7.5 Carpa _cTB _2CC |
||
| 999 |
_c1210166 _d1210166 |
||